| 000 | 00459cam a2200181Ia 4500 | ||
|---|---|---|---|
| 020 | _a0072904690 | ||
| 020 | _a0073229814 | ||
| 040 | _cSISPL | ||
| 082 | _a512 MCG 2007 A025 Or. | ||
| 100 | 1 | _aCoburn, John W | |
| 245 | 1 | 0 | _aPrecalculus / |
| 260 |
_aBoston : _bMcGraw-Hill Higher Education, _cc2007 |
||
| 300 |
_axxxi, 1275, 7, 73, 16 p. : _bcol. ill. ; _c27 cm |
||
| 500 | _aIncludes index | ||
| 650 | 0 | _aAlgebra | |
| 650 | 0 | _aTrigonometry | |
| 942 | _cEK | ||
| 999 |
_c13567 _d13567 |
||